00398nam a2200133Ia 4500003000900000008004100009040003300050041000800083080002300091100002300114245007600137260003500213300001600248LK-CoDNM010623t1975 xxu||||| |||| 00| 1 eng d aLK-CoDNMdLK-CoDNMeLK-CoDNM aeng a(x) 016:323.27 GOO aGoonetileke,H.A.I. aThe April 1971 Insurrection in Ceylon : A Bibliographical Commentary. bVlamingenstraataBelgiumc1975 b98p., 20 cm